03771nam a2200349 i 450000100090000000300090000900500170001800800410003502000300007602000270010603500240013304001250015708200210028210000300030324500590033326400600039230000400045233600260049233700280051833800270054650000440057350400510061750508750066852015780154365000380312165300170315965500170317690600450319394200120323899900170325095201540326718033472EG-ScBUE20230511100846.0140206s2014 enka f b 001 0 eng d a9780500291573 (paperback) a0500291578 (paperback) a(OCoLC)ocn890828965 aAU@bengerdacAU@dOCLCOdUKMGBdBDXdCDXdUABdYDXCPdNDDdERASAdIULdVP@dNLGGCdBKLdYNKdOCLCFdJQMdDLCdEG-ScBUE04a808.066222bWIL1 aWilliams, Gilda,eauthor.10aHow to write about contemporary art /cGilda Williams. 1aLondon ;aNew York, New York :bThames & Hudson,c2014. a264 pages :billustrations ;c21 cm atextbtxt2rdacontent aunmediatedbn2rdamedia avolumebnc2rdacarrier a"34 illustrations and 64 source texts." aIncludes bibliographical references and index.0 aIntroduction. There is no single 'best' way to write about art ; 'International Art English' ; Anyone can learn to write competently about art -- The Job: Why Write About Contemporary Art?. Explaining v. evaluating ; Art-words and artworks ; Artist/dealer/curator/critic/blogger/'Kunstworker'/journalist/historian ; Out of the blue: where art-criticism came from ; Art-writing sans frontières -- The Practice: How to Write About Contemporary Art. 'Fear is the root of bad writing' ; How to substantiate your ideas ; The audience: grounding specialists and non-specialists ; Practical 'how-to's -- The Ropes: How to Write Contemporary Art Formats. How to write an academic essay ; 'Explaining' texts ; 'Evaluating' texts ; How to write an artist's statement ; Writing formats compared: one artist, many writers -- Conclusion: How to read about contemporary art ; Notes. aHow to Write About Contemporary Art is the definitive guide to writing engagingly about the art of our time. Invaluable for students, arts professionals and other aspiring writers, the book first navigates readers through the key elements of style and content, from the aims and structure of a piece to its tone and language. Brimming with practical tips that range across the complete spectrum of art-writing, the second part of the book is organized around its specific forms, including academic essays; press releases and news articles; texts for auction and exhibition catalogues, gallery guides and wall labels; op-ed journalism and exhibition reviews; and writing for websites and blogs. In counselling the reader against common pitfalls such as jargon and poor structure, Gilda Williams points instead to the power of close looking and research, showing how to deploy language effectively; how to develop new ideas; and how to construct compelling texts. More than 30 illustrations throughout support closely analysed case studies of the best writing, in Source Texts by 64 authors, including Claire Bishop, Thomas Crow, T.J. Demos, Okwui Enwezor, Dave Hickey, John Kelsey, Chris Kraus, Rosalind Krauss, Stuart Morgan, Hito Steyerl, and Adam Szymczyk. Supplemented by a general bibliography, advice on the use and misuse of grammar, and tips on how to construct your own contemporary art library, How to Write About Contemporary Art is the essential handbook for all those interested in communicating about the art of today.--cSource other than Library of Congress. 7aArt criticismxAuthorship.2BUEsh bARTcMay2023 vReading book a7bcbcccopycatd2eepcnf20gy-gencatlg 2ddccBB c30330d30301 00102ddc40708BaccahaMAINbMAINc2NDd2023-05-11ePurchaseg562.00h37380l0o808.066 WILp000044985r2025-07-15 00:00:00v702.50w2023-05-11yBB